000 00996nam a2200301 i 4500
003 EG-GICUC
005 20260203115406.0
008 260203s1908 -uk| ||fr|||| 001 0 eng d
040 _aEG-GiCUC
_cEG-GiCUC
_dEG-GiCUC
_erda
_beng
041 0 _aeng
082 0 4 _221
_a341.84
_bDI . D
092 0 4 _221
099 _aLaw1 12 341.84 DI . D 2 ed - 1908
100 1 _aDicey, A. V
_eAuthor.
245 1 2 _aA Digest Of The Law Of England With Reference To The Conflict Of Laws /
_cBy A. V. Dicey, K.c., Hon. D.c.l..
250 _aSecond Edition.
264 1 _aLondon :
_bStevens And Sons,
_c1908.
300 _a883, 37 pages,
_c24 cm.
336 _2rda content
_atext
337 _2rda media
_aComputer
338 _2rda carrier
_aOnline Resource
504 _aIncludes bibliographical references and index.
546 _aText in English
650 1 4 _aPrivate international law
856 4 0 _uhttps://fll.law.cu.edu.eg/fulltext/bks/B12-02187.pdf
905 _a48
942 _2ddc
_cBK
_e21
_n0
999 _c60483
_d60483